Fyzika pre 9. ročník základnej školy pre nepočujúcich a základnej školy pre žiakov so zvyškami sluchu /

Hlavní autor: Hložánek, Miloš
Další autoři: Klobušický, Karol, 1935-1994, Míšek, Petr, 1946-
Jazyk: Slovenština
Vydáno: Bratislava : Slovenské pedagogické nakladateľstvo, 1986
Vydání: 1. vydanie
Fyzický popis: 127 stran : ilustrace ; 8°
Knihy
Uloženo v:
LEADER 01160nam a22003012i 4500
001 001502449
003 CZ BrMZK
005 20160527113628.0
007 ta
008 151218s1986 xo a er|||||||||||slo d
040 |a ABA001  |b cze  |c ABA001  |d ABA001  |d BOA001  |e rda 
041 1 |a slo  |h cze 
080 9 |a 53(075.2):376.35 
100 1 |a Hložánek, Miloš  |7 jk01041344  |4 aut 
245 1 0 |a Fyzika pre 9. ročník základnej školy pre nepočujúcich a základnej školy pre žiakov so zvyškami sluchu /  |c Miloš Hložánek ; přeložil Karol Klobušický ; ilustroval Petr Míšek 
250 |a 1. vydanie 
264 1 |a Bratislava :  |b Slovenské pedagogické nakladateľstvo,  |c 1986 
300 |a 127 stran :  |b ilustrace ;  |c 8° 
336 |a text  |b txt  |2 rdacontent 
337 |a bez média  |b n  |2 rdamedia 
338 |a svazek  |b nc  |2 rdacarrier 
500 |a Přeloženo z češtiny 
700 1 |a Klobušický, Karol,  |d 1935-1994  |7 ola2003175137  |4 trl 
700 1 |a Míšek, Petr,  |d 1946-  |7 jx20040116002  |4 ill 
910 |a BOA001  |b M2-0908.205 
990 |a BK 
991 |b 201512 
996 7 |b 2619142329  |c M2-0908.205  |l MZK  |r Sklad / do 24 hodin  |n 0  |w 001537483  |u 000010  |a 1  |e BOA001  |j MZK50  |s A